[Event "CalChess-ch"]
[Site "Monterey Park"]
[Date "2002.04.07"]
[Round "5"]
[White "Wann, Amy"]
[Black "Warmerdom, Christopher"]
[Result "0-1"]
[WhiteElo "1016"]
[BlackElo "1100"]
[PlyCount "42"]
[EventDate "2002.??.??"]
[EventType "swiss"]
[EventRounds "6"]
[EventCountry "USA"]
[SourceTitle "EXT 2007"]
[Source "ChessBase"]
[SourceDate "2006.11.23"]
[SourceVersion "1"]
[SourceVersionDate "2006.11.23"]
[SourceQuality "1"]

1. e4 e5 2. d4 Nc6 3. dxe5 Nxe5 4. Bf4 Qf6 5. Nf3 Nxf3+ 6. Qxf3 Qxb2 7. Bc4 Qxa1 8. 0-0 Qf6 9. Rd1 g5 10. e5 Qxf4 11. Qd3 d6 12. Nc3 Qxe5 13. Nd5 Bf5 14. Nxc7+ Ke7 15. Qf3 Rc8 16. Qxb7 Kf6 17. Nd5+ Kg6 18. h3 Rxc4 19. Rb1 Be4 20. Rb5 Rd4 21. Qd7 Rd1# 0-1